Sports Quiz

Random Sports or Basketball Quiz

NBA 2011 Playoffs Starting Lineups Quiz Stats

 Plays Quiz not verified by Sporcle

Challenge
Share
Tweet
Embed
Score 0/80 Timer 15:00
0 Plays Today
Team Player % Correct
Chicago BullsDerrick Rose
99.4%
Miami HeatDwayne Wade
98.2%
Miami HeatLeBron James
98%
Miami HeatChris Bosh
97.4%
Chicago BullsJoakim Noah
97.2%
New York KnicksCarmelo Anthony
96.1%
Orlando MagicDwight Howard
96.1%
Chicago BullsCarlos Boozer
96%
Boston CelticsRajon Rondo
95.4%
Boston CelticsRay Allen
95.4%
Boston CelticsKevin Garnett
95.3%
Memphis GrizzliesTony Allen
95.3%
Boston CelticsPaul Pierce
95.1%
San Antonio SpursTim Duncan
94.6%
San Antonio SpursTony Parker
94.3%
Chicago BullsLuol Deng
94.3%
Atlanta HawksJosh Smith
93.9%
Memphis GrizzliesMarc Gasol
93.8%
Los Angeles LakersPau Gasol
93.8%
Indiana PacersDanny Granger
93.7%
Oklahoma City ThunderKevin Durant
93.2%
Atlanta HawksJoe Johnson
93.1%
Oklahoma City ThunderRussell Westbrook
92.9%
Los Angeles LakersKobe Bryant
92.8%
Orlando MagicJameer Nelson
91.9%
Dallas MavericksDirk Nowitzki
91.8%
New York KnicksAmare Stoudemire
91.7%
New Orleans HornetsChris Paul
91.5%
Dallas MavericksJason Kidd
90.7%
Los Angeles LakersDerek Fisher
90.6%
Los Angeles LakersAndrew Bynum
90.1%
Atlanta HawksAl Horford
90%
Memphis GrizzliesZach Randolph
90%
Philadelphia 76ersAndre Iguodala
88.6%
Los Angeles LakersRon Artest
86.9%
Denver NuggetsWilson Chandler
86.8%
Dallas MavericksTyson Chandler
86.8%
Boston CelticsJermaine O'Neal
86.5%
Oklahoma City ThunderKendrick Perkins
86.3%
Miami HeatMike Bibby
85.8%
Team Player % Correct
Portland Trail BlazersLaMarcus Aldridge
85.5%
Oklahoma City ThunderSerge Ibaka
84.1%
Indiana PacersRoy Hibbert
83.9%
Memphis GrizzliesMike Conley
83.3%
New York KnicksChauncey Billups
82.6%
Philadelphia 76ersElton Brand
81.8%
Orlando MagicHedo Turkoglu
79.9%
Orlando MagicJason Richardson
79%
Denver NuggetsNene
78.4%
Denver NuggetsTy Lawson
77.9%
Indiana PacersDarren Collison
77.4%
Dallas MavericksShawn Marion
76%
Portland Trail BlazersAndre Miller
75.5%
Philadelphia 76ersJrue Holiday
74.5%
Denver NuggetsDanilo Gallinari
73%
Miami HeatZydrunas Ilgauskas
73%
San Antonio SpursGeorge Hill
71.1%
New Orleans HornetsEmeka Okafor
70.5%
San Antonio SpursRichard Jefferson
70.3%
Atlanta HawksKirk Hinrich
70.2%
Indiana PacersTyler Hansbrough
67.9%
Denver NuggetsKenyon Martin
67.6%
Orlando MagicBrandon Bass
65.3%
Portland Trail BlazersMarcus Camby
64.3%
Oklahoma City ThunderThabo Sefolosha
63.8%
New York KnicksLandry Fields
61.5%
Chicago BullsKeith Bogans
59.4%
Dallas MavericksDeShawn Stevenson
58%
New Orleans HornetsTrevor Ariza
57.8%
Philadelphia 76ersSpencer Hawes
56.8%
Portland Trail BlazersWesley Matthews
55.9%
Indiana PacersPaul George
55.6%
San Antonio SpursAntonio McDyess
55.2%
Portland Trail BlazersGerald Wallace
54.1%
Memphis GrizzliesSam Young
52.7%
New York KnicksRonny Turiaf
50.6%
Atlanta HawksJason Collins
40.8%
Philadelphia 76ersJodie Meeks
39%
New Orleans HornetsCarl Landry
36.6%
New Orleans HornetsMarco Belinelli
35.2%

You're not logged in!

Compare scores with friends on all Sporcle quizzes.
Join for Free
OR
Log In

You Might Also Like...

Show Comments

Extras

Top Quizzes Today


Score Distribution

Your Account Isn't Verified!

In order to create a playlist on Sporcle, you need to verify the email address you used during registration. Go to your Sporcle Settings to finish the process.

Report this User

Report this user for behavior that violates our Community Guidelines.

Details: